Journalism ethics (Record no. 3050)

000 -LEADER
fixed length control field 00275nam a22001217a 4500
020 ## - INTERNATIONAL STANDARD BOOK NUMBER
International Standard Book Number 9789381421659
082 ## - DEWEY DECIMAL CLASSIFICATION NUMBER
Classification number 174.9097
100 ## - MAIN ENTRY--PERSONAL NAME
Personal name Saxena,Pawan Kumar
245 ## - TITLE STATEMENT
Title Journalism ethics
260 ## - PUBLICATION, DISTRIBUTION, ETC.
Place of publication, distribution, etc. New Delhi
Name of publisher, distributor, etc. Random publications
Date of publication, distribution, etc. 2012.
300 ## - PHYSICAL DESCRIPTION
Extent 272p
942 ## - ADDED ENTRY ELEMENTS (KOHA)
Koha item type Book
Holdings
Withdrawn status Lost status Damaged status Not for loan Collection code Permanent Location Current Location Shelving location Date acquired Total Checkouts Full call number Barcode Date last seen Price effective from Koha item type
          Central Library (CL) Central Library (CL) General Stacks 05/02/2016   174.9097 SAX S3H-S-109 05/02/2016 05/02/2016 Book
© 2023 Central Library, National University of Sciences and Technology. All Rights Reserved.